| 000 | 02397nam a2200337 4500 | ||
|---|---|---|---|
| 999 |
_c6588 _d6588 |
||
| 008 | 240228b ||||| |||| 00| 0 spa d | ||
| 022 | _a9789873016776 | ||
| 245 | 1 | 0 |
_aRevista de Derechos de daños : _bacciones de clase / _cJorge Mosset Iturraspe ; Ricardo Luis Lorenzetti directores. |
| 260 |
_aBuenos Aires : _bRubinzal Culzoni, _c2024. |
||
| 300 |
_a655 p. _c22 cm. |
||
| 310 | _acuatrimestral | ||
| 362 | _aNo. 3 (2024) | ||
| 505 |
_tProcesos colectivos y acciones de clase por daños / _rAndrea A. Meroi |
||
| 505 |
_tAcción por clase de personas, demandas por daños a derechos colectivos y demandas por daños masivos: ¿el jardín de los senderos que bifurcan? - apenas un poco de historia, cristalización jurídica y experiencias / _rJorge A. Barraguirre |
||
| 505 |
_tLa necesidad de contar con una regulación específica sobre acciones de clase para daños masivos en la argentina / _rAidilio Gustavo Fabiano |
||
| 505 |
_tLa función del daño punitivo en la acción de clase por daños / _rMaría José Nieto Lamas |
||
| 505 |
_tLa relación causal en los daños a intereses individuales homogéneos / _rMaría Florencia Ramos Martínez |
||
| 505 |
_tLa legitimación activa para demandar por acción de clase por daños. la perspectiva argentina / _rAbraham Luis Vargas |
||
| 505 |
_tLa certificación de la representación adecuada de la clase en argentina / _r Ricardo A. Ostrower, Fernando M. Alemany y Máximo CapóN |
||
| 505 |
_tDesafíos en materia de transacción de los derechos individuales homogéneos / _rSantiago Soria y Marcos Palma |
||
| 505 |
_tAcciones de clase por daños al consumidor en argentina / _rJosé Sahián |
||
| 505 |
_tAcciones de clase y resarcimiento de daños al consumidor: costos y beneficios sociales de diseños institucionales alternativos / _r Pamela Tolosa |
||
| 505 |
_tLa legitimación activa en las acciones colectivas indemnizatorias para la tutela de los intereses individuales homogéneos de los consumidores en argentina / _r Juan Manuel Lavado Vargas |
||
| 505 |
_tEl daño al individuo humano es daño ambiental (en casos ambientales) / _rAníbal Falbo y Elisa Sraibe |
||
| 650 | 0 |
_93331 _aDAÑO |
|
| 650 | 0 |
_92080 _aDERECHOS DE INCIDENCIA COLECTIVA |
|
| 650 | 0 |
_97150 _aACCIONES DE CLASE |
|
| 700 |
_9528 _aMosset Iturraspe, Jorge _edirector |
||
| 700 |
_9529 _aLorenzetti, Ricardo Luis _edirector |
||
| 942 |
_2udc _cPP |
||